|
|
|
|
| LEADER |
01062nam a2200217 a 4500 |
| 001 |
GR-MES1168 |
| 008 |
991111s1997 gr 000 0 gre d |
| 020 |
|
|
|a 9603900281
|
| 040 |
|
|
|a GrPaTEI
|b gre
|c GR-PaULI
|
| 245 |
0 |
0 |
|a Τουριστική οικονομία
|n 1ος.
|
| 260 |
|
|
|a Αθήνα :
|b interbooks,
|c 1997
|
| 300 |
|
|
|a 239σελ.
|
| 500 |
|
|
|a βιβλιογραφία:σελ(220-223) περιέχει ευρετήριο
|
| 650 |
|
4 |
|a ΤΟΥΡΙΣΤΙΚΗ ΟΙΚΟΝΟΜΙΑ
|
| 700 |
1 |
|
|a Ηγουμενάκης, Νίκος Γ.
|
| 710 |
0 |
|
|a interbooks
|
| 942 |
|
|
|2 ddc
|
| 952 |
|
|
|0 0
|1 0
|2 ddc
|4 0
|6 338_479000000000000_1_ΗΓΟ
|7 0
|9 265118
|a MSLG
|b MSLG
|c BSC
|d 2021-01-17
|e 24
|f 1
|g 0.00
|l 0
|o 338.479 1 ΗΓΟ
|p 2420000009677
|r 2021-01-17 00:00:00
|t 1
|w 2021-01-17
|y BK15
|x 19991111 0 1
|x GrPaTEI
|
| 952 |
|
|
|0 0
|1 0
|2 ddc
|4 0
|6 338_479000000000000_1_ΗΓΟ
|7 0
|9 265119
|a MSLG
|b MSLG
|c BSC
|d 2021-01-17
|e 24
|f 1
|g 0.00
|l 0
|o 338.479 1 ΗΓΟ
|p 2420000011812
|r 2021-01-17 00:00:00
|t 1
|w 2021-01-17
|y BK15
|x 19991111 0 1
|x GrPaTEI
|
| 971 |
|
|
|a .b25722104
|b 16-04-20
|c 13-09-16
|
| 999 |
|
|
|c 152437
|d 152437
|